| 000 | 01529nam0a22002771 4500 | ||
|---|---|---|---|
| 001 | rc\3305888 | ||
| 005 | 20260407144453.0 | ||
| 021 |
_aRU _b[72-79229] |
||
| 035 | _a(NLR Aleph) 007502411 | ||
| 090 |
_a7669979 _c7669979 |
||
| 100 | _a20130115d1972 |||y0rusy50 ca | ||
| 101 | 0 | _arus | |
| 102 | _aRU | ||
| 105 | _aa z ||||| | ||
| 200 | 1 |
_aДинамика гидротехнических сооружений _eТруды пятого всесоюз. совещ. [24-25 окт. 1972 г.] _fМ-во энергетики и электрификации СССР. Междувед. координац. комис. по динамике гидротехн. сооружений. ВНИИГ им. Б.Е. Веденеева. Гидропроект им. С.Я. Жука. ГрузНИИЭГС. Ин-т гидромеханики АН УССР |
|
| 210 |
_aМосква _cБ. и. _d1972 |
||
| 215 |
_a211 с. _cчерт. _d29 |
||
| 320 | _aСписки лит. в конце статей | ||
| 606 |
_aГидротехнические сооружения _xДинамика _jСборники _2psbo |
||
| 712 | 0 | 2 |
_aВНИИ гидротехники им. Б. Е. Веденеева _cЛенинград _3RU\NLR\AUTH\889561 _9291576 |
| 712 | 1 | 2 |
_aВсесоюзное совещание по динамике гидротехнических сооружений _d5 _f1972 _eМосква _3RU\NLR\AUTH\8810088023 _9677660 |
| 801 | 0 |
_aRU _bNLR _gpsbo |
|
| 801 | 1 |
_aRU _bELAR _2rusmarc |
|
| 852 |
_aNLR _j72-8/1952 |
||
| 942 | _cBOOK | ||
| 980 | _aNB | ||